Emojis Shameless - Statistiques

Statistiques générales
  • Ce quiz a été pris 620 fois
  • Le résultat moyen est 10 sur 14
Statistiques - réponses
Hint Réponse % Correct
🎖🏳️‍🌈🧑🏻‍🦰 Ian
96%
🥃 🤑🥃 Franck
95%
🥊💄🤰🏻 Debbie
93%
👨🏻‍🎓 Lip
93%
💔👩🏻 Fiona
92%
👦🏽 Liam
92%
🔪🧑🏼‍🦲🚔 Carl
88%
🏳️‍🌈🔫🔪 Mickey
88%
👩🏾‍⚕️👨‍👩‍👧‍👧 Veronica
77%
🥼🚗🛥 Steve
69%
👱🏻‍♀️🤪 Monica
63%
🤰🏻🇷🇺💃🏻 Svetlana
62%
🎸🔞 Jody
8%
⛪️👩‍👦👗 Esther
6%
Aucun quiz correspondant
Distribution des résultats
% des personnes avec chaque résultat
Percentile par nombre de réponses
Votre historique - résultats
Vous n’avez pas pris ce quiz